| 000 | 00870nam a22002177a 4500 | ||
|---|---|---|---|
| 999 |
_c866 _d866 |
||
| 003 | AR-CdUCM | ||
| 008 | 190225b ||||| |||| 00| 0 spa d | ||
| 040 |
_aMUNICIPALIDAD PROVINCIAL DEL CUSCO _cBIBLIOTECA MUNICIPAL DEL CUSCO |
||
| 082 |
_a322.1 / _bP39 |
||
| 100 |
_aPeláez Bazán, Mario _93313 |
||
| 245 | _aHaya de la Torre y la unidad de América Latina / | ||
| 260 |
_aLima : _bUniverso , _c1977. |
||
| 300 |
_a599 páginas ; _bfotografías. _c16 cm. |
||
| 505 | _aUna acción luminosa e indeclinable al servicio de un gran ideal -- La unidad de indoamerica -- Los once congresos nacionales del partido APRISTA PERUANO -- El parlamento latinoamericano... | ||
| 650 |
_aEl APRA. _93314 |
||
| 650 |
_aHaya de la Torre. _93315 |
||
| 650 |
_aPartido APRISTA peruano. _93316 |
||
| 650 |
_aDesarrollo del APRA. _93317 |
||
| 942 |
_2ddc _cLIBROS |
||
| 945 |
_awfj _d2019-02-25 |
||